[Event "Budapest Karacsonyi 7th"]
[Site "Budapest"]
[Date "2015.12.30"]
[Round "7"]
[White "Szurkos, Andras"]
[Black "Baranyi, Zsolt"]
[Result "1-0"]
[WhiteElo "1780"]
[BlackElo "1715"]
[PlyCount "69"]
[EventDate "2015.12.27"]
[EventType "swiss"]
[EventRounds "7"]
[EventCountry "HUN"]
[SourceTitle "CBM 170 Extra"]
[Source "ChessBase"]
[SourceDate "2016.02.25"]
[SourceVersion "1"]
[SourceVersionDate "2016.02.25"]
[SourceQuality "1"]

1. e4 e6 2. d4 b6 3. c4 Bb7 4. Nc3 g6 5. Nf3 d6 6. Bg5 Be7 7. h4 Bxg5 8. hxg5 Nd7 9. Qd2 Qe7 10. 0-0-0 0-0-0 11. Kb1 Qf8 12. d5 exd5 13. cxd5 f6 14. Nb5 a6 15. Nbd4 Nc5 16. Qc2 Qe8 17. Bd3 fxg5 18. Nxg5 Nf6 19. f3 h6 20. Nge6 Rd7 21. Rc1 Qf7 22. Be2 a5 23. a3 Ne8 24. b4 axb4 25. axb4 Nxe6 26. dxe6 Qf6 27. exd7+ Kxd7 28. Bb5+ Ke7 29. Rhd1 c5 30. bxc5 bxc5 31. Nc6+ Bxc6 32. Bxc6 Nc7 33. Qc3 Qf8 34. e5 Qb8+ 35. Kc2 1-0

[Event "Budapest Karacsonyi 7th"]
[Site "Budapest"]
[Date "2015.12.29"]
[Round "4"]
[White "Palczert, Botond"]
[Black "Baranyi, Zsolt"]
[Result "1-0"]
[WhiteElo "1695"]
[BlackElo "1715"]
[PlyCount "117"]
[EventDate "2015.12.27"]
[EventType "swiss"]
[EventRounds "7"]
[EventCountry "HUN"]
[SourceTitle "CBM 170 Extra"]
[Source "ChessBase"]
[SourceDate "2016.02.25"]
[SourceVersion "1"]
[SourceVersionDate "2016.02.25"]
[SourceQuality "1"]

1. e4 e6 2. d4 d5 3. Nc3 Bb4 4. e5 Be7 5. f4 a6 6. Nf3 c5 7. Be3 Qb6 8. Rb1 Nc6 9. h3 Nh6 10. g4 Bd7 11. Bg2 Rc8 12. 0-0 cxd4 13. Nxd4 Qa7 14. Qd2 Bc5 15. Nce2 Ng8 16. c3 Nge7 17. Nc2 0-0 18. Kh1 f6 19. exf6 Rxf6 20. Bxc5 Qxc5 21. Qe3 Qa5 22. a3 Qc7 23. Ncd4 Qb6 24. Nc2 Qc7 25. Ncd4 Re8 26. Qd2 Ng6 27. Rf2 Nxd4 28. Nxd4 Rxf4 29. Rbf1 Rxf2 30. Rxf2 Rf8 31. Re2 Nf4 32. Re1 Nxg2 33. Qxg2 Re8 34. Rf1 Qd6 35. Qf3 e5 36. Qf7+ Kh8 37. Nf5 Qf8 38. Qxd7 g6 39. Ng3 Qg8 40. Qf7 e4 41. Qxg8+ Kxg8 42. Rd1 e3 43. Re1 Kg7 44. Kg2 Kf6 45. h4 a5 46. Kf3 a4 47. Rxe3 Rxe3+ 48. Kxe3 Ke5 49. Nh1 b6 50. Nf2 h5 51. Nd3+ Kf6 52. gxh5 gxh5 53. Nf4 Ke5 54. Nxh5 b5 55. Nf4 Kd6 56. h5 Kc5 57. h6 Kc4 58. h7 Kb3 59. Nd3 1-0

[Event "Budapest Karacsonyi 7th"]
[Site "Budapest"]
[Date "2015.12.28"]
[Round "2"]
[White "Geher, Koppany"]
[Black "Baranyi, Zsolt"]
[Result "1-0"]
[WhiteElo "1561"]
[BlackElo "1715"]
[PlyCount "45"]
[EventDate "2015.12.27"]
[EventType "swiss"]
[EventRounds "7"]
[EventCountry "HUN"]
[SourceTitle "CBM 170 Extra"]
[Source "ChessBase"]
[SourceDate "2016.02.25"]
[SourceVersion "1"]
[SourceVersionDate "2016.02.25"]
[SourceQuality "1"]

1. e4 e6 2. Nc3 b6 3. Nf3 Bb7 4. d4 Bb4 5. Bd3 Bxc3+ 6. bxc3 h6 7. 0-0 d6 8. Re1 Ne7 9. c4 Nd7 10. Bb2 Nf8 11. e5 Neg6 12. d5 Rg8 13. dxe6 fxe6 14. exd6 Nh4 15. d7+ Nxd7 16. Rxe6+ Kf7 17. Nxh4 Kxe6 18. Bf5+ Ke7 19. Qe2+ Kd6 20. Qe6+ Kc5 21. Ba3+ Kd4 22. Rd1+ Kc3 23. Rd3+ 1-0

[Event "Budapest Karacsonyi 7th"]
[Site "Budapest"]
[Date "2015.12.27"]
[Round "1"]
[White "Baranyi, Zsolt"]
[Black "Karacsonyi, Gellert"]
[Result "0-1"]
[WhiteElo "1715"]
[BlackElo "2022"]
[PlyCount "72"]
[EventDate "2015.12.27"]
[EventType "swiss"]
[EventRounds "7"]
[EventCountry "HUN"]
[SourceTitle "CBM 170 Extra"]
[Source "ChessBase"]
[SourceDate "2016.02.25"]
[SourceVersion "1"]
[SourceVersionDate "2016.02.25"]
[SourceQuality "1"]

1. Nf3 f5 2. c4 Nf6 3. Nc3 g6 4. d3 Bg7 5. Bg5 0-0 6. Qc2 Nc6 7. a3 d6 8. h3 Nh5 9. Bd2 e5 10. Bg5 Qd7 11. Bd2 Nd4 12. Nxd4 exd4 13. Nd5 f4 14. Nb4 a5 15. Na2 b6 16. Rg1 Bb7 17. g4 fxg3 18. fxg3 Be5 19. 0-0-0 Nxg3 20. Bh6 Rxf1 21. Rdxf1 Nxf1 22. h4 Ng3 23. Kb1 Qg4 24. Nc1 Qxh4 25. Qd2 Qh2 26. Re1 Nf5 27. Bg5 h6 28. Rf1 hxg5 29. Qxg5 Kh7 30. Rxf5 gxf5 31. Qxf5+ Kh8 32. Qf7 Qh7 33. Qe6 Rf8 34. c5 bxc5 35. Qb3 Qh1 36. Qa4 Bf4 0-1